| 000 | 00550nam a2200217 a 4500 | ||
|---|---|---|---|
| 999 |
_c4764 _d4764 |
||
| 001 | 4764 | ||
| 003 | BD-JhCC | ||
| 005 | 20171203163031.0 | ||
| 008 | 171203s1954 us a|||| ||a| 001 0 eng d | ||
| 035 | _a(BD-JhCC)4764 | ||
| 040 |
_aBD-JhCC _dBD-JhCC |
||
| 041 | _aeng | ||
| 082 |
_a591.508 _bBAR 1954 |
||
| 100 | _aBarrows, Marjorie | ||
| 245 |
_aFavorite Animal Stories / _cMarjorie Barrows |
||
| 260 |
_aChicago : _bThe Spencer Press Inc, _c1954. |
||
| 300 |
_a371 p. : _billu; _c23 cm. |
||
| 650 | _aAnimal | ||
| 942 |
_2ddc _cBK |
||